| 000 | 01025cam a22002894a 4500 | ||
|---|---|---|---|
| 001 | 12804252 | ||
| 003 | PILC | ||
| 005 | 20150112093429.0 | ||
| 008 | 020606s2002 caua 001 0 eng | ||
| 010 | _a2002108071 | ||
| 020 | _a0782141439 | ||
| 035 | _a(DLC) 2002108071 | ||
| 040 |
_aDLC _cDLC _dDLC |
||
| 042 | _apcc | ||
| 050 | 0 | 0 |
_aTK 5105.5 _b.N476 2002 |
| 082 | 0 | 0 |
_aCSFr 004.622 _bN38 2002 |
| 245 | 0 | 0 | _aNetworking complete/ |
| 250 | _a3rd ed. | ||
| 260 |
_aSan Francisco : _bSybex, _c2002. |
||
| 300 |
_a860 pages : _billustration ; _c21 cm. |
||
| 650 | 0 |
_aComputer networks. _94545 |
|
| 856 | 4 | 2 |
_3Publisher description _uhttp://www.loc.gov/catdir/enhancements/fy0613/2002108071-d.html |
| 856 | 4 | 1 |
_3Table of contents only _uhttp://www.loc.gov/catdir/enhancements/fy0613/2002108071-t.html |
| 906 |
_a7 _bcbc _corignew _d2 _eepcn _f20 _gy-gencatlg |
||
| 942 |
_2lcc _cBK |
||
| 999 |
_c14306 _d14306 |
||